| 000 | 00427nam a22001697a 4500 | ||
|---|---|---|---|
| 005 | 20250916112853.0 | ||
| 008 | 250916b |||||||| |||| 00| 0 eng d | ||
| 020 |
_a9780590997287 _qpbk |
||
| 041 | _aeng | ||
| 082 |
_a823 _bAPP |
||
| 100 | _aK. A. Applegate | ||
| 245 |
_aAnimorphs _b: the alien _cby K. A. Applegate |
||
| 250 | _a1ed., | ||
| 260 |
_aNew York _bScholastic Inc., _c2008 |
||
| 300 | _a159p. | ||
| 942 | _cENGLISH | ||
| 999 |
_c587301 _d587301 |
||